000 00861nam a22002777a 4500
003 CHAP
005 20230629062632.0
008 971013s1978 r 10010 d
010 _a50587
011 _a51559
035 _a55709
040 _cCHAP
082 _a635.21
_bP5 1978
111 0 0 _aPlanning Conference on the Control of Important Fungal Diseases of Potatoes (
_d1978
_c: Lima)
_988741
245 _aReport
260 _aLima :
_bInternational Potato Center,
_c1978
300 _a184 p.
590 _aBATCH-UPD
_b10
_c20130110
_lUCH01
_h0832
590 _aCONVERSION
_b10
_c20130109
_lUCH01
_h1327
650 1 4 _aPapa
_xCongresos.
_985203
650 1 7 _aPapas
_xEnfermedades
_2
_985227
710 0 _aCentro Internacional de la Papa.
901 _aBK
942 _cLIBRO
949 _a635.21 P5 1978
_bBC
_cLIBRO
_d33724000261822
_eLIBRO
_h47449
_i55709
_mD
_si
999 _c50587
_d50587